| 000 -LEADER |
| fixed length control field |
00835cam a2200217Ia 4500 |
| 020 ## - INTERNATIONAL STANDARD BOOK NUMBER |
| ISBN |
9057023555 (Softcover) |
| 040 ## - CATALOGING SOURCE |
| Transcribing agency |
OKJ |
| 082 ## - DEWEY DECIMAL CLASSIFICATION NUMBER |
| Classification number |
306 1998 HAR 1998 A107 Or. |
| 100 1# - MAIN ENTRY--AUTHOR NAME |
| Personal name |
Nuttall, Mark. |
| 245 10 - TITLE STATEMENT |
| Title |
Protecting the Arctic : |
| Remainder of title |
indigenous peoples and cultural survival / |
| 260 ## - PUBLICATION, DISTRIBUTION, ETC. (IMPRINT) |
| Place of publication |
Amsterdam, Netherlands : |
| Name of publisher |
Harwood Academic Publishers, |
| Year of publication |
c1998. |
| 300 ## - PHYSICAL DESCRIPTION |
| Number of Pages |
v, 195 p. : |
| Other physical details |
map ; |
| Dimensions |
23 cm. |
| 490 1# - SERIES STATEMENT |
| Series statement |
Studies in environmental anthropology, |
| 520 ## - SUMMARY, ETC. |
| Summary, etc |
As the Arctic region becomes drawn into broad global environmental problems, indigenous groups fight to maintain control over lands, resources, traditions, and cultures. |
| 650 #0 - SUBJECT ADDED ENTRY--TOPICAL TERM |
| Topical Term |
Arctic peoples |
| 650 #0 - SUBJECT ADDED ENTRY--TOPICAL TERM |
| Topical Term |
Indigenous peoples |
| 650 #0 - SUBJECT ADDED ENTRY--TOPICAL TERM |
| Topical Term |
Natural resources |
| 650 #0 - SUBJECT ADDED ENTRY--TOPICAL TERM |
| Topical Term |
Environmental protection |
| 650 #0 - SUBJECT ADDED ENTRY--TOPICAL TERM |
| Topical Term |
Sustainable development |
| 942 ## - ADDED ENTRY ELEMENTS (KOHA) |
| Koha item type |
សៀវភៅភាសាអង់គ្លេស |
| 952 ## - LOCATION AND ITEM INFORMATION (KOHA) |
| Withdrawn status [LOCAL, KOHA] |
0 |